01209nam a22002415i 4500001000700000003000900007005001700016008004100033040002000074100004200094245018900136250007500325260013300400300004100533490004800574650004100622650004000663650002800703830005600731852003900787999001900826952012200845157931ES-MaACL20250902063108.0990218s1895 fr |||| | fre d aCAM bspa cCAM1 aLombroso, Cesare, d1835-1909924217312aL'homme criminel b: criminel-né, fou moral, épileptique, crimine fou, criminel d'occasion, crimine par passion : étude anthropologique et psychiatrique / cpar César Lombroso. a2e éd. française, traduite sur la cinquième édition italienne. aParis : bAncienne Librairie Germer Bailliere et cie, Felix Alcan éditeur,c1895 (eTurin : fImprimerie Camilla et Bertolero) a2 v. (XLIV, 567 ; 583 p.) ; c22 cm.1 aBibliothéque de philosophie contemporaine17aAntropología criminal2embne99866 4aDelincuentes-xPsicología.911556 4aCriminología.91358320 aBibliothéque de philosophie contemporaine9181027 aES-MaACLjB-5376-77 z-- Enc. hol. c157931d157931 001040708LIBXIXaATENEOMbATENEOMcSPBd2008-01-17l0oB-5376-77p1165286r2023-02-23 00:00:00w2023-02-23yMONANT